Review of Colombian ornithology (Registro nro. 9678)

Detalles MARC
000 -CABECERA
Campo de control 004080000a22001450004500
090 ## - CLASIFICACIÓN LOCAL
Colección AR
Consecutivo 00586
041 0# - IDIOMA
Código de idioma para texto/pista de sonido o título separado
100 1# - ASIENTO PRINCIPAL--NOMBRE PERSONAL
Nombre personal Chapman, Colin A.
245 10 - MENCION DE TITULO
Título Review of Colombian ornithology
650 14 - ASIENTO SECUNDARIO DE MATERIA - TERMINO TEMATICO
Término temático o nombre geográfico como elemento de entrada Ornitología
650 14 - ASIENTO SECUNDARIO DE MATERIA - TERMINO TEMATICO
Término temático o nombre geográfico como elemento de entrada Publicaciones
651 #4 - ASIENTO SECUNDARIO DE MATERIA - NOMBRE GEOGRAFICO
-- Colombia
773 1# - Item fuente:
Título Bulletin American Museum of Natural History
Especificación de materiales 179
Descripción física 36
Paginas del Articulo 11-19
Lugar, editorial y fecha de publicación 1917
Información sobre la relación 36
942 ## - ELEMENTOS ADICIONALES (KOHA)
Tipo de ítem Artículo
Existencias
Withdrawn status Lost status Damaged status No para préstamo Colección Ubicación Permanente Ubicación actual Fecha de adquisición Fuente de Valor Datos de publicación Seriada Total Checkouts Número topográfico Inventario / Código de Barras Date last seen Ejemplar Price effective from Forma de adquisición Tipo de material
      No para Préstamo Hemeroteca Bogotá Bogotá 27/02/2015 Instituto de Ciencias Naturales Fuera de circulación   AR 00586 010898 25/03/2015 1 25/03/2015   Artículo